| 000 | 00453nab a2200145Ia 4500 | ||
|---|---|---|---|
| 003 | ES-SlBCS | ||
| 005 | 20220423201909.0 | ||
| 008 | 140529s2005 xxu||||| |||| 00| 0 fre d | ||
| 041 | _afre | ||
| 100 | 1 |
_aBühler, Pierre _910824 |
|
| 245 | 0 | 0 |
_aIn memoriam Jean-Louis Leuba (1912-2005) _c Pierre Bühler |
| 600 | 1 | 4 |
_aLeuba, Jean L. _9179986 |
| 773 | 0 |
_tRevue de Theologie et de Philosophie _gvol. 137, nº. 3, 2005, págs. 261-262 _wRev1459 |
|
| 942 | _cAR | ||
| 999 |
_c556556 _d556556 |
||